Harry Potter: Pré au Lard - Statistiques

Statistiques générales
  • Ce quiz a été pris 87 fois
    76 depuis la dernière actualisation
  • Le résultat moyen est 9 sur 14
Statistiques - réponses
Information Réponses % Correct
Première apparition Harry Potter et le Prisonnier d'Azkaban
98%
Dernière apparition Harry Potter et les Reliques de la Mort
96%
Pays Royaume-Uni
91%
Maison la plus hantée de Grande Bretagne Cabane Hurlante
80%
Pub Les Trois Balais
80%
Magasin de farces et attrapes Zonko
79%
Nation /etat Ecosse
77%
Maison du fondateur à Poudlard Poufsouffle (évidemment 💪)
70%
Magasin de bonbons Honeydukes
66%
Autre pub La tête de Sanglier
66%
Salon de thé Salon de thé de Madame Pieddodu
45%
Magasin de prêt-à-porter Gaichiffon
18%
Magasin de plumes Magasin de plumes Scribenpenne
14%
Fondateur Hengist de Woodcroft
11%
Aucun quiz correspondant
Distribution des résultats
% des personnes avec chaque résultat
Percentile par nombre de réponses
Votre historique - résultats
Vous n’avez pas pris ce quiz depuis la dernière actualisation